| 000 | 00000nam##2200000za#4500 |
| 001 | 9.696556 |
| 003 | CaOODSP |
| 005 | 20210624235104 |
| 007 | cr ||||||||||| |
| 008 | 150407|1992||||xxc|||||o f|0| 0 eng|d |
| 040 | |aCaOODSP|beng |
| 043 | |an-cn--- |
| 086 | 1 |aH68-31/1992E-PDF |
| 110 | 1 |aCanada.|bNational Council of Welfare. |
| 245 | 10|aWelfare reform |h[electronic resource] |
| 260 | |aOttawa - Ontario : |bNational Council of Welfare |c1992. |
| 300 | |a61p. : |bgraphs, references, tables ; |c28 cm. |
| 500 | |aThe catalogue number (H68-31/1992E) and ISBN (0-662-19834-4) for the print edition have been incorrectly copied in the pdf edition. |
| 590 | |a12-35-Supp|b2012-08-09 |
| 690 | 07|aWelfare|2gcpds |
| 775 | 08|tRéforme du bien-être social |w(CaOODSP)9.640665 |
| 776 | 0#|tWelfare reform : |w(CaOODSP)9.645128 |
| 856 | 40|ahttp://publications.gc.ca|qPDF|s2.76 MB|uhttps://publications.gc.ca/collections/collection_2012/cnb-ncw/H68-31-1992-eng.pdf |